Tribhuvan University Central Library

Axiomatic set theory (Record no. 68352)

MARC details
000 -LEADER
fixed length control field 00449 a2200181 4500
020 ## - INTERNATIONAL STANDARD BOOK NUMBER
International Standard Book Number 978-0-486-66637-2
041 ## - LANGUAGE CODE
Language code of text/sound track or separate title Eng.
082 ## - DEWEY DECIMAL CLASSIFICATION NUMBER
Classification number 511.322
Item number B457a
100 ## - MAIN ENTRY--PERSONAL NAME
Personal name Bernays, Paul
245 ## - TITLE STATEMENT
Title Axiomatic set theory
260 ## - PUBLICATION, DISTRIBUTION, ETC.
Place of publication, distribution, etc. New York:
Name of publisher, distributor, etc. Dover Pub,
Date of publication, distribution, etc. 1968.
300 ## - PHYSICAL DESCRIPTION
Extent viii, 227p.
Other physical details illus.
504 ## - BIBLIOGRAPHY, ETC. NOTE
Bibliography, etc. note Bibliography: p. 219-227
650 ## - SUBJECT ADDED ENTRY--TOPICAL TERM
Topical term or geographic name entry element Logic
-- Algebra
-- Boolean algebra
653 ## - INDEX TERM--UNCONTROLLED
Uncontrolled term Mathematics
942 ## - ADDED ENTRY ELEMENTS (KOHA)
Source of classification or shelving scheme Dewey Decimal Classification
Koha item type General Collections
530 ## - ADDITIONAL PHYSICAL FORM AVAILABLE NOTE
-- M
Holdings
Withdrawn status Lost status Source of classification or shelving scheme Damaged status Not for loan Home library Current library Shelving location Date acquired Total Checkouts Full call number Barcode Date last seen Price effective from Koha item type
    Dewey Decimal Classification     Tribhuvan University Central Library Tribhuvan University Central Library New Building 01/21/2014   511.322 B457a 147958 01/21/2014 01/21/2014 General Collections